CHAL KHUSRO APNE GHAR (Record no. 20207)

MARC details
000 -LEADER
fixed length control field 00243nam a22001217a 4500
003 - CONTROL NUMBER IDENTIFIER
control field SGT
082 ## - DEWEY DECIMAL CLASSIFICATION NUMBER
Item number SHI
100 ## - MAIN ENTRY--PERSONAL NAME
Personal name SHIVANI
245 ## - TITLE STATEMENT
Title CHAL KHUSRO APNE GHAR
260 ## - PUBLICATION, DISTRIBUTION, ETC. (IMPRINT)
Place of publication, distribution, etc DELHI
Name of publisher, distributor, etc HIND PUB.
Year of Publication 1992
300 ## - PAGE DESCRIPTION
No. of Pages 160
942 ## - ADDED ENTRY ELEMENTS (KOHA)
Source of classification or shelving scheme Dewey Decimal Classification
Koha item type Books
942 ## - ADDED ENTRY ELEMENTS (KOHA)
-- 2
Holdings
Withdrawn status Lost status Source of classification or shelving scheme Damaged status Not for loan Collection code Home library Current library Shelving location Date acquired SGTU Total Checkouts Full call number Accession No. (Barcode) Date last seen Date last borrowed Bill Date Koha item type
    Dewey Decimal Classification     MASS COMMUNICATION SGT Science & Social Sciences Library SGT Science & Social Sciences Library Text Book 09/07/2020 SGTU 2 SHI MC639 10/03/2025 10/03/2025 09/07/2020 Books